Normal view
MARC view
- النقد الادبي-التحليل الادبي-الشعر العربي-الشعراء العرب
Entry Topical Term
001 - CONTROL NUMBER
- control field: 62912
003 - CONTROL NUMBER IDENTIFIER
- control field: JO-AjAnu
005 - DATE AND TIME OF LATEST TRANSACTION
- control field: 20230606084255.0
008 - FIXED-LENGTH DATA ELEMENTS
- fixed length control field: 230606|| aca||aabn | a|a d
040 ## - CATALOGING SOURCE
- Original cataloging agency: JO-AjAnu
- Transcribing agency: JO-AjAnu
150 ## - HEADING--TOPICAL TERM
- Topical term or geographic name entry element: النقد الادبي-التحليل الادبي-الشعر العربي-الشعراء العرب
670 ## - SOURCE DATA FOUND
- Source citation: Work cat.: (JO-AjAnu)32078: الساير، محمد عويد محمد, author 62911, الماء يبكي واقفا: دراسات نقدية في المنجز الشعري للشاعر العراقي المعاصر شلال عنوز